Quizzes
Events
Quiz Creation
Community
Videos
Private Events
Remove Ads
Sign In
Join for FREE
Feedback
Dark Mode
Quiz Categories
Sports
Geography
Music
Movies
Television
Just For Fun
Miscellaneous
History
Literature
Language
Science
Gaming
Entertainment
Religion
Holiday
For Kids
Quiz Lab
Recent
Popular Today
Quiz Kudos Today
Editor Picks
Curator Picks
Quizzes by...
Day
Popularity
Type
Ratings
Length
Year
Community
Subscriptions
Recent Discussions
Orange Saloon
Badges
Playlists
Quests
Create
Leaderboards
Showdown
Live 5
Trivia Bingo
Activity
Puzzle Library
Sporcle Events
Private Events
Virtual Trivia
Globe League
Become a Host
Pub Owners
SporcleCon
Opinionation
Our Games
Videos
Blog
Mobile Apps
Partnerships
Remove Ads and Go Orange
Feedback
Movies
Disney
Marvel Cinematic Universe
Movie Resume
Movie Titles
Oscar
Actor
Actress
Director
Pixar
Role
Movie Quotes
Movie Characters
Box Office
Nominee
Best Picture
Star Wars
James Bond
Horror Movies
Movies
Disney
Marvel Cinematic Universe
Movie Resume
Movie Titles
Oscar
Actor
Actress
Director
Pixar
Role
Movie Quotes
Movie Characters
Box Office
Nominee
Best Picture
Star Wars
James Bond
Horror Movies
Random Quiz
Search Sporcle
×
Quiz Lab
Quiz Lab
Movies
Best Picture
Type in answers that appear in a list
Type in answers that appear in a list
Classic
Best Score? Go Orange.
Nat. Society of Film Critics Best Film Stats
Can you name the Nat. Society of Film Critics Best Film Winners?
By
YesMoreMaciej
13m
44 Questions
307 Plays
307 Plays
307 Plays
Comments
Comments
Give Quiz Kudos
Give Quiz Kudos
-
- Ratings
hide this ad
Replay
Link that replays current quiz
Next Quiz
Link to next quiz in quiz playlist
You Got
0%
They Got
Avg Score
49%
Avg Friend Score
Upgrade to see
Score Distribution
Jump to the score distribution portion of the page
Score
0/44
Timer
13:00
0
Plays Today
Year
Film
% Correct
1994
Pulp Fiction
93.5%
2004
Million Dollar Baby
90.6%
1993
Schindler's List
87.9%
1992
Unforgiven
87%
1990
Goodfellas
85.7%
1977
Annie Hall
85%
2002
The Pianist
84.7%
2006
Pan's Labyrinth
82.1%
2007
There Will Be Blood
78.5%
1986
Blue Velvet
76.2%
2001
Mulholland Drive
75.2%
1999
Being John Malkovich
72.6%
1970
MASH
66.8%
1975
Nashville
65.8%
1985
Ran
65.1%
1997
L.A. Confidential
63.2%
1982
Tootsie
61.2%
1976
All the President's Men
54.4%
1996
Breaking the Waves
52.1%
2005
Capote
48.9%
1966
Blow-Up
45.9%
1969
Z
45.6%
Year
Film
% Correct
1998
Out of Sight
43%
1989
Drugstore Cowboy
42.7%
1967
Persona
42.3%
1981
Atlantic City
40.7%
1999
Topsy-Turvy
40.1%
1987
The Dead
39.7%
1995
Babe
39.1%
2000
Yi Yi: A One and a Two
33.9%
1973
Day for Night
32.2%
1979
Breaking Away
31.9%
1984
Stranger Than Paradise
30.3%
2008
Waltz with Bashir
28.3%
1980
Melvin and Howard
25.1%
1972
The Discreet Charm of the Bourgeoisie
24.4%
1974
Scenes from a Marriage
24.4%
2003
American Splendor
24.4%
1988
The Unbearable Lightness of Being
23.8%
1971
Claire's Knee
15%
1991
Life Is Sweet
15%
1968
Shame
14%
1983
The Night of the Shooting Stars
8.5%
1978
Get Out Your Handkerchiefs
7.8%
Quiz Playlist
Details
Report
Send in Message
Add To Playlist
Classic:
Type in answers that appear in a list
Quiz Source
Last Updated: Mar 31, 2017
Quiz Scoreboard
CHALLENGE
Sign Up to Join the Scoreboard
Show All
Scores
Hide
Comments
May contain spoilers
Recently Published
9x9 Crossword: Cartoon Network
by jackfrog10
Miscellaneous
3m
College Basketball Coaching Resumes
by pancakes188
Sports
9m
Billboard Blitz: Fleetwood Mac
by CooCooCachoo
Music
15s
More to Explore
Quiz From the Vault
Featured Blog Post
Where Did the Easter Bunny Come From?
hide this ad
You Might Also Like...
Tags
Best Picture Quiz
Director Quiz
critic
Film Critics
nat
Society
Winner
Today's Top Quizzes in Movies
Browse Movies
hide this ad
Today's Top Quizzes in Best Picture
Browse Best Picture
Top Contributed Quizzes in Movies
1
Pick 5 Posters: Directed by Spielberg
2
7-to-1: Pixar Characters
3
Pick 5 Posters: Lowest-Rated Spielberg
4
Sorting Actors
5
Sorting Actresses
6
Pick 5 Posters: Directed by Scorsese
7
Hidden Star Wars Character II
8
Pick 5 Posters: Star & Director
9
Hidden Star Wars Character III
10
12 Movies about Fictional 1960s Events
Explore More
Trending Topics
Disney
Anime
Kpop
NBA
Marvel
Harry Potter
Crossword
The Office
Pokémon
Puzzle
NFL
Song
Country
Soccer
WWE
hide this ad
More By:
YesMoreMaciej
Quiz
Plays
Rating
Category
Featured
Created
Best Actor Nominations ('90s)
141,133
4.73
Movies
Sep 28, 2009
Best Sup. Actor Oscar Nominees (90s)
65,248
4.65
Movies
Sep 28, 2009
Law & Order Characters
413
5.00
Television
Sep 23, 2009
Finish the Classic Rap Lyrics
319
2.80
Music
Oct 19, 2009
Nat. Society of Film Critics Best Film
307
3.75
Movies
Dec 9, 2009
Go to Creator's Profile
Score Distribution
Quiz Creator Spotlight
YesMoreMaciej
Follow
Send a Message
Quizzes Created
-
Created Quiz Play Count
-
More By This Creator
Popular Quizzes Today
1
Find the US States - No Outlines Minefield
2
Find the Countries of Europe - No Outlines Minefield
3
The Countries of the World
4
Find the US States
5
Risky Map Clicking: Biggest States A-Z
6
US States
7
Popular People in 1961
8
Movies - When Are They Set?
More Movies Quizzes
Complete the 50 Comedies
Published
Trending Quizzes
Risky Map Clicking: Least Populous States A-Z
1-10 Letter G Words
1-10 Letter F Words
Risky Map Clicking: Next State Alphabetically
Adjectives in 80s TV Shows
Recently Updated
Leaping Animals
pecheneg
Reality TV Shows (A-Z)
bhenderson79
Rickey Henderson's Hall of Fame Teammates
pecheneg
Champions League XIs: Arsenal
pecheneg
Quick Pick: Celebrities in WWE's Hall of Fame
aduchscher
A-Z Keypad Blitz II
pecheneg
Multiple Oscar Actors
pecheneg
Mystery Phrase Blitz: Oscar 'Best Actors'
pecheneg
F. Scott Fitzgerald Novels
LTH
Pick 3 Villains
ddd62291
Trending Topics
Anime
Kpop
Marvel
Crossword
NBA
Disney
Harry Potter
Soccer
Song
Puzzle
NFL
Country
Pokémon
The Office
WWE
Your Account Isn't Verified!
In order to create a playlist on Sporcle, you need to verify the email address you used during registration. Go to your
Sporcle Settings
to finish the process.
Report this User
Report this user for behavior that violates our
Community Guidelines
.
Details:
Send Report
Go to the Sporcle.com Mobile Site →
Comments